=LDR 00000nam 2200000 4500 =001 INLIS000000000006300 =005 20130612094440 =008 ***********************************Ind** =035 ##$$a0010-061300000006300 =041 ##$$a Ind =082 ##$$a 789.4 =090 ##$$a 789.4, San g =100 ##$$a Santoso, Hadi =245 ##$$a Gamelan, Tuntunan memikul gamelan, Hadi Santoso =260 ##$$a 1997 $b Semarang =300 ##$$a v, 153 hlm, ilus, 21 cm =650 ##$$a Gamelan =850 ##$$a NBPNMAT =990 ##$$a 0001/BPAP-NTB/20142014